007660000a22002170004500090001400000245008100014650001700095650001900112650001600131650002300147650001900170650002500189651002600214041001300240700002400253100002600277942001300303773003500316999001700351952018000368 aARb0108610aAnimal biomass in a New Zeland forest compared with other parts of the world14aFauna99259414aBiomasa99332614aAves99242914aMamíferos99251014aBosques99227014aInvertebrados994159 4pNueva zelandia9927490 aInglés1 aMoeed, Abdul9943101 aBrockie, R. E.994311 cARTICULO1 tOecologia380h70q24-34d1986 c10173d10173 001040718HEMEROTECAaBogotabBogotad2015-02-27eMuñoz Saba, YanethhFuera de circulaciónl0oAR 01086p011405r2015-03-25 00:00:00t1w2015-03-25xDonaciónyARTICULO